Sports Quiz

Random Sports or Football Quiz

CFL - Leading passers per team / per decade Quiz Stats

 Plays Quiz not verified by Sporcle

Challenge
Share
Tweet
Embed
Score 0/162 Timer 15:00
1 Play Today
Team Player % Correct
BCDoug Flutie 9579
93.1%
CgyDoug Flutie 20,551
93.1%
TorDoug Flutie 11,225
93.1%
HamAnthony Calvillo 7579
88.8%
MtlAnthony Calvillo 4118
88.8%
MtlAnthony Calvillo 49,043
88.8%
EdmRicky Ray 32,372
85%
EdmWarren Moon 3494
83.1%
EdmWarren Moon 17,734
83.1%
BCDamon Allen 15,163
83.1%
BCDamon Allen 12,458
83.1%
EdmDamon Allen 6948
83.1%
OttDamon Allen 8158
83.1%
TorDamon Allen 13,974
83.1%
CgyHenry Burris 22,947
78.1%
SskHenry Burris 9044
78.1%
EdmTracy Ham 7437
76.9%
EdmTracy Ham 11,803
76.9%
MtlTracy Ham 11,442
76.9%
CgyDave Dickenson 4640
75.6%
BCDave Dickenson 13,573
75.6%
SskLarry Dick 1441
75%
OttRon Lancaster 3825
72.5%
SskRon Lancaster 18,427
72.5%
SskRon Lancaster 28,283
72.5%
CgyJeff Garcia 16,442
71.9%
BCDanny McManus 7526
71.3%
EdmDanny McManus 8524
71.3%
HamDanny McManus 10,182
71.3%
HamDanny McManus 23,643
71.3%
BCMatt Dunigan 8285
67.5%
EdmMatt Dunigan 13,393
67.5%
WpgMatt Dunigan 11,504
67.5%
OttRuss Jackson 1867
63.8%
OttRuss Jackson 22,726
63.8%
OttKerry Joseph 10,922
63.1%
SskKerry Joseph 7491
63.1%
TorKerry Joseph 6142
63.1%
WpgKevin Glenn 18,119
63.1%
MtlStanley Jackson 656
61.3%
WpgDieter Brock 14,389
58.8%
WpgDieter Brock 15,234
58.8%
WpgKhari Jones 20,175
56.9%
HamJimmy Jones 5989
56.3%
MtlJimmy Jones 5074
56.3%
SskKent Austin 20,720
55.6%
SskWarren Jones 6070
55.6%
OttTom Clements 9663
54.4%
HamTom Clements 11,658
54.4%
WpgTom Clements 14,917
54.4%
EdmJason Maas 11,825
53.1%
HamJason Maas 4953
53.1%
OttCondrege Holloway 6864
44.4%
TorCondredge Holloway 16,619
44.4%
Team Player % Correct
BCJoe Kapp 16,536
43.1%
EdmNealon Greene 4300
43.1%
SskNealon Greene 7968
43.1%
EdmTom Wilkinson 16,331
41.9%
BCBuck Pierce 8734
41.9%
TorKerwin Bell 4991
41.3%
WpgKerwin Bell 4647
41.3%
TorMichael Bishop 6513
40.6%
WpgMichael Bishop 3035
40.6%
TorJoe Theisman 6093
36.9%
CgyKen Johnson 5448
36.9%
CgyRick Johnson 6972
36.3%
CgyDanny Barrett 7192
36.3%
OttDanny Barrett 4684
36.3%
EdmJackie Parker 7587
35.6%
EdmJackie Parker 4550
35.6%
TorJackie Parker 3613
35.6%
MtlSam Etcheverry 22,012
34.4%
MtlSam Etcheverry 3571
34.4%
SskTom Burgess 6806
34.4%
OttTom Burgess 9089
34.4%
WpgTom Burgess 8170
34.4%
MtlJoe Barnes 5016
33.1%
TorJoe Barnes 5724
33.1%
BCRoy Dewalt 22,863
31.9%
BCJoe Paopao 8148
31.9%
SskJoe Paopao 9337
31.9%
CgyMarcus Crandell 11,887
30.6%
CgyJohn Hufnagel 7063
29.4%
SskJohn Hufnagel 7727
29.4%
WpgJohn Hufnagel 6804
29.4%
HamMike Kerrigan 10,931
26.3%
HamMike Kerrigan 6830
26.3%
SskReggie Slack 7754
26.3%
OttJ.C. Watts 10,937
25%
WpgKenny Ploen 2377
23.1%
WpgKenny Ploen 14,093
23.1%
HamChuck Ealey 5897
22.5%
TorChuck Ealey 5426
22.5%
WpgChuck Ealey 2003
22.5%
HamBernie Faloney 6798
21.3%
BCBernie Faloney 3303
21.3%
HamBernie Faloney 10,627
21.3%
MtlBernie Faloney 3007
21.3%
WpgDon Jonas 12,291
21.3%
MtlSonny Wade 12,295
19.4%
TorRickey Foggie 8291
19.4%
HamQuinton Porter 3258
17.5%
MtlCarroll Williams 4670
16.3%
CgyPeter Liske 10,989
15.6%
TorTobin Rote 9872
15.6%
CgyPeter Liske 5752
15.6%
OttDan Crowley 3177
15%
EdmBruce Lemmerman 9747
14.4%
Team Player % Correct
MtlMarcus Brady 1409
14.4%
HamJoe Zuger 9971
13.8%
HamJoe Zuger 2705
13.8%
OttTodd Dillon 5391
12.5%
BCJerry Tagge 7052
11.9%
TorMike Rae 3575
11.9%
MtlTurner Gill 4928
11.9%
WpgJack Jacobs 11,094
11.3%
EdmDon Getty 4587
10.6%
CgyJerry Keeling 6564
10.6%
EdmDon Getty 4363
10.6%
CgyJerry Keeling 6736
10.6%
HamTom Porras 5615
9.4%
TorGilbert Renfroe 7134
9.4%
SskFrank Tripucka 13,952
8.8%
SskGlenn Dobbs 5196
8.8%
OttRick Cassata 6157
8.1%
MtlGerry Dattilio 4682
8.1%
WpgJim Van Pelt 4151
7.5%
CgyRick Worman 5462
7.5%
MtlMarvin Graves 568
7.5%
BCPaul Brothers 3490
6.9%
BCPaul Brothers 3672
6.3%
CgyEagle Day 11,810
6.3%
TorWally Gabler 7052
6.3%
WpgWally Gabler 2194
6.3%
BCDon Moorhead 8689
6.3%
OttChris Isaac 3979
6.3%
BCRandy Duncan 2746
5.6%
BCArnold Galiffa 2286
5.6%
TorArnold Galiffa 3682
5.6%
HamFrank Cosentino 4084
5.6%
MtlJohnny Evans 4107
5.6%
BCMaury Duncan 1827
5%
CgyNobby Wirkowski 4237
4.4%
HamNobby Wirkowski 2328
4.4%
TorNobby Wirkowski 2960
4.4%
CgyKeith Spaith 6017
3.8%
MtlHal Patterson 154
3.8%
OttHal Ledyard 5001
3.8%
WpgHal Ledyard 3488
3.8%
EdmClaude Arnold 3469
3.1%
HamEd Songin 2500
3.1%
SskJack Hartman 1217
2.5%
SskBob Ptacek 4647
2.5%
CgyDon Klosterman 4237
1.9%
OttDarnell Kennedy 952
1.9%
MtlBruce Coulter 424
1.3%
TorTom Dublinski 4424
1.3%
OttBill Van Burkleo 240
1.3%
SskDave Grosz 1341
1.3%
SskDanny Sanders 1024
1.3%
OttTom Dimitroff 2141
0.6%
EdmBill Redell 2979
0.6%

You're not logged in!

Compare scores with friends on all Sporcle quizzes.
Join for Free
OR
Log In

You Might Also Like...

Show Comments

Extras

Top Quizzes Today


Score Distribution

Your Account Isn't Verified!

In order to create a playlist on Sporcle, you need to verify the email address you used during registration. Go to your Sporcle Settings to finish the process.

Report this User

Report this user for behavior that violates our Community Guidelines.

Details: